Billionaire Universities Quiz Stats

 Plays Quiz Updated Oct 3, 2018

Score 0/13 Timer 03:00
13 Plays Today
Rank University % Correct
1Harvard University
98.9%
4University of Pennsylvania
85.9%
2Stanford University
73.4%
5Yale University
71.8%
6University of Chicago
66.3%
3Columbia University
62.7%
9Cornell University
61.4%
9University of Southern California
59.3%
7Massachusetts Institute of Technology
55.7%
9University of California, Berkeley
54%
9Northwestern University
50.8%
9Princeton University
44.4%
7New York University
33.4%

You're not logged in!

Compare scores with friends on all Sporcle quizzes.
OR
Log In

Sporcle TV

Today on Sporcle TV


Watch our educational content, quiz creation guides, and fun videos on Sporcle TV.

Show Comments

Extras

Top Quizzes Today


Score Distribution

Your Account Isn't Verified!

In order to create a playlist on Sporcle, you need to verify the email address you used during registration. Go to your Sporcle Settings to finish the process.

Report this User

Report this user for behavior that violates our Community Guidelines.

Details: